Cities With the Coolest Hottest Ever Temperature - Statistics

General Stats
  • This quiz has been taken 78 times
  • The average score is 9 of 28
Answer Stats
# Record High Continent Answer % Correct
1 28.6 South America Bogotá
78%
5 33.4 South America Lima
76%
6 33.9 North America Mexico City
62%
2 30.6 Africa Addis Ababa
59%
9 35.6 Asia Jakarta
50%
18 37.0 South America Sao Paulo
50%
4 33.0 Africa Nairobi
47%
11 36.0 Asia Singapore
47%
15 36.4 South America Brasília
41%
27 37.6 North America Montréal
40%
19 37.1 Europe Saint Petersburg
38%
14 36.3 Asia Hong Kong
29%
9 35.6 Asia Surabaya
29%
7 34.4 Asia Bandung
26%
8 35.2 Africa Dar es Salaam
26%
20 37.2 Africa Luanda
26%
12 36.1 Asia Colombo
24%
28 37.7 Asia Kābul
21%
20 37.2 Asia Medan
21%
13 36.2 Africa Abidjan
17%
20 37.2 Europe Milan
17%
16 36.5 North America Puebla
16%
17 36.6 Asia Dàlián
12%
3 31.3 Asia Kūnmíng
12%
20 37.2 North America Tampa
10%
24 37.3 Asia Busan
7%
25 37.4 Asia Qīngdăo
5%
26 37.5 Asia Guìyáng
2%
No matching quizzes found
Score Distribution
Percent of People with Each Score
Percentile by Number Answered
Your Score History
You have not taken this quiz